[Event "Winnipeg Yanofsky Memorial U1800"]
[Site "Winnipeg"]
[Date "2008.08.31"]
[Round "4"]
[White "Wasserman, Leor"]
[Black "Knight, Eugene"]
[Result "1-0"]
[WhiteElo "1486"]
[BlackElo "1539"]
[PlyCount "113"]
[EventDate "2008.08.29"]
[EventType "swiss"]
[EventRounds "5"]
[EventCountry "CAN"]
[SourceTitle "EXT 2019"]
[Source "ChessBase"]
[SourceDate "2018.10.10"]
[SourceVersion "1"]
[SourceVersionDate "2018.10.10"]
[SourceQuality "1"]

1. e4 c5 2. Nf3 e6 3. d4 cxd4 4. Nxd4 a6 5. Nc3 Qc7 6. Be2 Nc6 7. Be3 Ne5 8. 0-0 Nf6 9. f3 Bb4 10. Kh1 Bxc3 11. bxc3 Qxc3 12. Bf2 h5 13. Nb3 g5 14. Bd4 Qc7 15. Qc1 Rg8 16. Qb2 d6 17. f4 gxf4 18. Rxf4 Nfg4 19. h3 Ng6 20. Rff1 e5 21. hxg4 exd4 22. gxh5 Ne5 23. Nxd4 Bg4 24. Bxg4 Nxg4 25. Nf5 d5 26. e5 Nxe5 27. Rae1 f6 28. Qb4 Rg5 29. Nd6+ Kd7 30. Rxf6 Qxc2 31. Qxb7+ Qc7 32. Rc1 Qxb7 33. Nxb7 Rxh5+ 34. Kg1 Nc4 35. Nc5+ Ke7 36. Re6+ Kf7 37. Rf1+ Kg7 38. Nxa6 d4 39. Nc7 Rxa2 40. Ne8+ Kh8 41. Rf8+ Kh7 42. Re7+ Kh6 43. Rg7 Ra1+ 44. Kf2 Ra2+ 45. Kf3 Ra3+ 46. Kg4 Ne5+ 47. Kf4 Ng6+ 48. Rxg6+ Kxg6 49. Rf6+ Kh7 50. Rf7+ Kg8 51. Rd7 Kf8 52. Nf6 Rh4+ 53. g4 d3 54. Kg5 Rh8 55. Kg6 Rg8+ 56. Nxg8 Kxg8 57. Rd8# 1-0

[Event "Winnipeg Yanofsky Memorial"]
[Site "Winnipeg"]
[Date "2006.09.03"]
[Round "4"]
[White "Knight, Eugene"]
[Black "Green, Aaron"]
[Result "1-0"]
[WhiteElo "1599"]
[BlackElo "1350"]
[PlyCount "79"]
[EventDate "2006.09.01"]
[EventType "swiss"]
[EventRounds "5"]
[EventCountry "CAN"]
[SourceTitle "EXT 2007"]
[Source "ChessBase"]
[SourceDate "2006.11.23"]
[SourceVersion "1"]
[SourceVersionDate "2006.11.23"]
[SourceQuality "1"]

1. c4 Nf6 2. Nc3 g6 3. d4 Bg7 4. e4 d6 5. Nf3 Nbd7 6. h3 0-0 7. Be3 e5 8. d5 a6 9. b4 Ne8 10. Rc1 f5 11. exf5 gxf5 12. Rc2 f4 13. Bc1 Ndf6 14. Bd3 Qe7 15. Qe2 h6 16. Bxf4 Nh5 17. Bh2 Nf4 18. Bxf4 Rxf4 19. g3 Rf8 20. Ne4 Bf5 21. Nh4 Bh7 22. Qg4 Nf6 23. Nxf6+ Rxf6 24. Bxh7+ Kxh7 25. Qe4+ Kg8 26. f4 Re8 27. Nf5 Qf7 28. Nxg7 Kxg7 29. Re2 Kf8 30. 0-0 Kg7 31. c5 Qg6 32. Qxg6+ Rxg6 33. g4 Rf6 34. fxe5 Rxf1+ 35. Kxf1 Rxe5 36. Rxe5 dxe5 37. Kf2 Kf6 38. h4 b6 39. Ke3 b5 40. Ke4 1-0

[Event "Winnipeg Yanofsky Memorial"]
[Site "Winnipeg"]
[Date "2006.09.01"]
[Round "1"]
[White "Sigurdson, Matthew"]
[Black "Knight, Eugene"]
[Result "1-0"]
[WhiteElo "1244"]
[BlackElo "1599"]
[PlyCount "44"]
[EventDate "2006.09.01"]
[EventType "swiss"]
[EventRounds "5"]
[EventCountry "CAN"]
[SourceTitle "EXT 2007"]
[Source "ChessBase"]
[SourceDate "2006.11.23"]
[SourceVersion "1"]
[SourceVersionDate "2006.11.23"]
[SourceQuality "1"]

1. e4 c5 2. c3 e6 3. d4 d5 4. e5 Nc6 5. Bb5 Bd7 6. Ne2 a6 7. Bxc6 bxc6 8. b3 cxd4 9. cxd4 h5 10. 0-0 c5 11. h3 Qc7 12. Bb2 Ne7 13. Na3 Nc6 14. Rc1 Qb6 15. Qd2 Rc8 16. Kh2 cxd4 17. Nc2 Nxe5 18. Bxd4 Qb8 19. Kg1 Nc6 20. Bb2 Nb4 21. Nxb4 Bxb4 22. Qg5 Rxc1 1-0